| 000 | 00000cam 2200000za 4500 |
| 001 | 9.687664 |
| 003 | CaOODSP |
| 005 | 20260105075729 |
| 007 | cr ||||||||||| |
| 008 | 150407|2005||||xxc|||||o f|0| 0 eng d |
| 020 | |a0-662-41076-9 |
| 040 | |aCaOODSP|beng |
| 043 | |an-cn--- |
| 086 | 1 |aM39-122/2005E-PDF |
| 245 | 00|aRETScreen® software online user manual - solar water heating project model |h[electronic resource] |
| 260 | |aQuébec - Quebec : |bNatural Resources Canada. |c2005. |
| 300 | |a114p.|bfigs., references, tables, index |
| 590 | |a05-44|b2005-11-04 |
| 690 | 07|aSolar heating|2gcpds |
| 710 | 1 |aCanada. |bEnergy Technology Branch. |
| 775 | 08|tLogiciel RETScreen®, manuel de l'utilisateur en ligne - modèle pour projets de chauffage solaire de l'eau |w(CaOODSP)9.632104 |
| 856 | 40|ahttp://publications.gc.ca|qPDF|s813 KB|uhttps://publications.gc.ca/collections/Collection/M39-122-2005E.pdf |